[Event "Sofia Gerenski Memorial 11th"]
[Site "Sofia"]
[Date "2018.03.24"]
[Round "6"]
[White "Ivanov, Oleg2222"]
[Black "Kolev, Velio"]
[Result "0-1"]
[WhiteElo "1540"]
[BlackElo "1717"]
[PlyCount "44"]
[EventDate "2018.03.21"]
[EventType "swiss"]
[EventRounds "7"]
[EventCountry "BUL"]
[SourceTitle "CBM 183 Extra"]
[Source "ChessBase"]
[SourceDate "2018.04.19"]
[SourceVersion "1"]
[SourceVersionDate "2018.04.19"]
[SourceQuality "1"]

1. c4 e5 2. Nc3 d6 3. Nf3 f5 4. d4 e4 5. Bg5 Be7 6. Bxe7 Nxe7 7. Nd2 Nbc6 8. e3 0-0 9. f3 exf3 10. Qxf3 f4 11. 0-0-0 fxe3 12. Qxe3 Nf5 13. Qg1 Nfxd4 14. Nf3 Ne6 15. h4 Nc5 16. Nd5 Ne7 17. Re1 Nxd5 18. cxd5 Qf6 19. Qd4 Bd7 20. Bc4 b5 21. Bd3 Qxd4 22. Nxd4 Nxd3+ 0-1

[Event "Sofia MGU op 180th"]
[Site "Sofia"]
[Date "2017.01.22"]
[Round "6"]
[White "Babatov, Martin"]
[Black "Kolev, Velio"]
[Result "1-0"]
[WhiteElo "1625"]
[BlackElo "1734"]
[PlyCount "57"]
[EventDate "2017.01.21"]
[EventType "swiss"]
[EventRounds "6"]
[EventCountry "BUL"]
[SourceTitle "CBM 176 Extra"]
[Source "ChessBase"]
[SourceDate "2017.03.02"]
[SourceVersion "1"]
[SourceVersionDate "2017.03.02"]
[SourceQuality "1"]

1. d4 Nf6 2. c4 c5 3. e3 b6 4. Nf3 g6 5. dxc5 bxc5 6. b3 Bg7 7. Bb2 Bb7 8. g3 0-0 9. Bg2 d6 10. 0-0 Nbd7 11. Qe2 a5 12. Nc3 Bc6 13. a4 Qb6 14. Nb5 Qb7 15. Ne1 Nb8 16. Bxc6 Nxc6 17. Qf3 Qd7 18. Nd3 Qg4 19. Qxc6 Qe2 20. Rad1 Qc2 21. Bxf6 Bxf6 22. Nc1 Bb2 23. Qd5 Bxc1 24. Rxc1 Qxb3 25. Ra1 Rad8 26. Rfc1 Qb2 27. Qd3 e6 28. Qc3 Qe2 29. Qxa5 1-0

[Event "Sofia MGU op 179th"]
[Site "Sofia"]
[Date "2017.01.14"]
[Round "2"]
[White "Tsyntsarski, Boyko"]
[Black "Kolev, Velio"]
[Result "1-0"]
[WhiteElo "1636"]
[BlackElo "1734"]
[PlyCount "61"]
[EventDate "2017.01.14"]
[EventType "swiss"]
[EventRounds "6"]
[EventCountry "BUL"]
[SourceTitle "CBM 176 Extra"]
[Source "ChessBase"]
[SourceDate "2017.03.02"]
[SourceVersion "1"]
[SourceVersionDate "2017.03.02"]
[SourceQuality "1"]

1. e4 c5 2. Nf3 Qa5 3. Nc3 g6 4. Ne5 Bg7 5. Nc4 Qd8 6. a4 Nc6 7. d3 d6 8. Bf4 Nf6 9. Qd2 Nd4 10. Nb5 Nxb5 11. axb5 d5 12. exd5 Qxd5 13. Rg1 Bd7 14. Be2 Bxb5 15. Nb6 Qd8 16. Nxa8 Qxa8 17. Qa5 Ba6 18. Qxc5 0-0 19. Bf3 e5 20. Rxa6 exf4 21. Rxa7 Qe8+ 22. Kd2 Nd7 23. Qb4 b6 24. Bc6 Qe5 25. Rxd7 Re8 26. Kc1 Qe2 27. Qxb6 f3 28. Bxf3 Bh6+ 29. Kb1 Qd2 30. Rd8 Rxd8 31. Qxd8+ 1-0

[Event "Sofia MGU op 160th"]
[Site "Sofia"]
[Date "2016.01.09"]
[Round "2"]
[White "Kolev, Velio"]
[Black "Metev, Martin"]
[Result "1/2-1/2"]
[WhiteElo "1783"]
[BlackElo "2018"]
[PlyCount "40"]
[EventDate "2016.01.09"]
[EventType "swiss"]
[EventRounds "6"]
[EventCountry "BUL"]
[SourceTitle "CBM 170 Extra"]
[Source "ChessBase"]
[SourceDate "2016.02.25"]
[SourceVersion "1"]
[SourceVersionDate "2016.02.25"]
[SourceQuality "1"]

1. Nf3 e6 2. g3 d5 3. Bg2 Nf6 4. d3 c5 5. Nbd2 Be7 6. 0-0 0-0 7. e4 Nc6 8. Re1 Qc7 9. e5 Nd7 10. Qe2 Re8 11. Nf1 b6 12. Bf4 a5 13. h4 Ba6 14. Ne3 Bf8 15. Ng4 Rac8 16. c3 Ra8 17. h5 h6 18. Qd2 Kh7 19. Bf1 Ne7 20. Nxh6 gxh6 1/2-1/2

[Event "Sofia MGU op 133rd"]
[Site "Sofia"]
[Date "2015.01.25"]
[Round "6"]
[White "Slavejkov, Kristian"]
[Black "Kolev, Velio"]
[Result "1-0"]
[WhiteElo "1657"]
[BlackElo "1847"]
[PlyCount "69"]
[EventDate "2015.01.24"]
[EventType "swiss"]
[EventRounds "6"]
[EventCountry "BUL"]
[SourceTitle "CBM 164 Extra"]
[Source "ChessBase"]
[SourceDate "2015.03.02"]
[SourceVersion "1"]
[SourceVersionDate "2015.03.02"]
[SourceQuality "1"]

1. e4 c5 2. Nf3 e6 3. d4 cxd4 4. Nxd4 a6 5. Nc3 d6 6. Be3 Nf6 7. f3 Be7 8. Qd2 b5 9. a3 Bb7 10. 0-0-0 d5 11. exd5 Nxd5 12. Nxd5 Bxd5 13. Bd3 Nc6 14. Nxc6 Bxc6 15. Qc3 Bd5 16. Qxg7 Bf6 17. Qg4 h5 18. Qb4 Rc8 19. Bc5 Qc7 20. Bd4 Be7 21. Qd2 Rg8 22. Kb1 Bg5 23. Be3 Bf6 24. Bf4 Qc6 25. Rhe1 Rd8 26. Be5 Bg5 27. Qc3 Qb7 28. Bh7 Rc8 29. Qd3 Rf8 30. Bg7 Be7 31. Bxf8 Kxf8 32. Qd4 f6 33. Be4 Qc7 34. Qd2 Bc4 35. Qh6+ 1-0

[Event "Teteven op 29th"]
[Site "Teteven"]
[Date "2014.08.15"]
[Round "7"]
[White "Slavejkov, Anton"]
[Black "Kolev, Velio"]
[Result "1-0"]
[WhiteElo "1696"]
[BlackElo "1906"]
[PlyCount "83"]
[EventDate "2014.08.09"]
[EventType "swiss"]
[EventRounds "9"]
[EventCountry "BUL"]
[SourceTitle "CBM 162 Extra"]
[Source "ChessBase"]
[SourceDate "2014.10.17"]
[SourceVersion "1"]
[SourceVersionDate "2014.10.17"]
[SourceQuality "1"]

1. e4 e6 2. d4 c5 3. d5 exd5 4. exd5 d6 5. Nf3 Nf6 6. Bf4 Be7 7. c4 0-0 8. Bd3 Na6 9. a3 Nc7 10. Nc3 a6 11. a4 b6 12. 0-0 Rb8 13. Re1 Re8 14. Ne4 Nxe4 15. Bxe4 Bf6 16. Qd3 g6 17. h4 Rxe4 18. Qxe4 Bf5 19. Qe2 Bg4 20. Bg5 Bxg5 21. hxg5 Bxf3 22. Qxf3 Qxg5 23. Qh3 Rd8 24. Re3 Ne8 25. Rae1 Ng7 26. Rb3 b5 27. cxb5 axb5 28. axb5 Qxd5 29. b6 Nf5 30. b7 Rb8 31. Qf3 Qd2 32. Qc3 Qd5 33. Rb6 Nd4 34. Qa5 Kg7 35. Qa7 Nf3+ 36. gxf3 Qxf3 37. Qa3 Qd5 38. Qc3+ Kh6 39. Re3 Qg5+ 40. Rg3 Qd5 41. Rh3+ Kg5 42. Qg3+ 1-0

[Event "BUL-ch Seniors"]
[Site "Sofia"]
[Date "2012.??.??"]
[Round "9"]
[White "Milanov, Milan"]
[Black "Kolev, Velio"]
[Result "0-1"]
[WhiteElo "1703"]
[BlackElo "1945"]
[PlyCount "74"]
[EventDate "2012.05.19"]
[EventType "swiss"]
[EventRounds "9"]
[EventCountry "BUL"]
[SourceTitle "CBM 148 Extra"]
[Source "ChessBase"]
[SourceDate "2012.06.22"]
[SourceVersion "1"]
[SourceVersionDate "2012.06.22"]
[SourceQuality "1"]

1. e4 e6 2. Bc4 d5 3. exd5 exd5 4. Bb3 Nf6 5. Nc3 c6 6. d3 h6 7. h3 Bd6 8. Nf3 0-0 9. 0-0 Nbd7 10. Re1 Qc7 11. d4 Nh5 12. Ne2 Ndf6 13. g4 Nf4 14. Nxf4 Bxf4 15. Ne5 Bxe5 16. dxe5 Ne4 17. Bf4 Nc5 18. c4 Nxb3 19. axb3 dxc4 20. bxc4 Be6 21. b3 Rfd8 22. Qf3 Rd7 23. Red1 Rad8 24. Rxd7 Rxd7 25. Rxa7 Qd8 26. Kg2 Rd3 27. Qe2 Rxb3 28. Qa2 Qd3 29. Ra8+ Kh7 30. Be3 Bxc4 31. Qa7 Bd5+ 32. Kg3 Qe4 33. Kh4 g5+ 34. Bxg5 hxg5+ 35. Kxg5 Qxe5+ 36. Kh4 Qf6+ 37. g5 Qf4+ 0-1

[Event "Sofia MGU op 37th"]
[Site "Sofia"]
[Date "2011.08.06"]
[Round "3"]
[White "Kolev, Velio"]
[Black "Kalchev, Stefan"]
[Result "0-1"]
[WhiteElo "1955"]
[BlackElo "1682"]
[PlyCount "97"]
[EventDate "2011.08.06"]
[EventType "swiss"]
[EventRounds "6"]
[EventCountry "BUL"]
[SourceTitle "CBM 143 Extra"]
[Source "ChessBase"]
[SourceDate "2011.08.29"]
[SourceVersion "1"]
[SourceVersionDate "2011.08.29"]
[SourceQuality "1"]

1. e4 e6 2. d3 d5 3. Nd2 Nf6 4. Ngf3 c5 5. g3 Nc6 6. Bg2 b6 7. 0-0 Bb7 8. Re1 Qc7 9. e5 Nd7 10. Qe2 Be7 11. Nf1 h6 12. h4 0-0-0 13. Bf4 Rdg8 14. Qd2 g5 15. hxg5 hxg5 16. Nxg5 Bxg5 17. Bxg5 Ncxe5 18. Bf4 d4 19. Rxe5 Nxe5 20. Qe2 f6 21. Re1 Bxg2 22. Kxg2 Qh7 23. f3 Qh3+ 24. Kf2 Ng6 25. Qxe6+ Qxe6 26. Rxe6 Nxf4 27. gxf4 Kb7 28. Rxf6 Rf8 29. Rg6 Rxf4 30. Kg3 Rhf8 31. Nd2 R8f7 32. a4 Ka6 33. b3 R4f6 34. Rg4 Ka5 35. f4 Kb4 36. Ne4 Rc6 37. Kf3 Ka3 38. Rg2 Rh6 39. Ng5 Rf5 40. Kg4 Rhf6 41. Rf2 Rxf4+ 42. Rxf4 Rxf4+ 43. Kxf4 Kb2 44. Ne4 Kxc2 45. Nd6 Kxd3 46. Nc8 Kc2 47. Nxa7 d3 48. Nb5 d2 49. Na3+ 0-1

[Event "Sofia MGU op 04th"]
[Site "Sofia"]
[Date "2010.03.07"]
[Round "6"]
[White "Genov, Delyan"]
[Black "Kolev, Velio"]
[Result "0-1"]
[WhiteElo "1800"]
[BlackElo "1933"]
[PlyCount "38"]
[EventDate "2010.03.06"]
[EventType "swiss"]
[EventRounds "6"]
[EventCountry "BUL"]
[SourceTitle "CBM 135 Extra"]
[Source "ChessBase"]
[SourceDate "2010.05.04"]
[SourceVersion "1"]
[SourceVersionDate "2010.05.04"]
[SourceQuality "1"]

1. d4 Nf6 2. c4 c5 3. d5 b5 4. b3 bxc4 5. bxc4 g6 6. Bb2 Bg7 7. e4 d6 8. h3 0-0 9. Bd3 Nbd7 10. f4 Rb8 11. Qc2 Rxb2 12. Qxb2 Nxe4 13. Qa3 Ng3 14. Rh2 Bxa1 15. Bxg6 fxg6 16. Qxg3 Qa5+ 17. Ke2 Qxa2+ 18. Nd2 Nf6 19. Qd3 Bf5 0-1

[Event "Sofia MGU op 03rd"]
[Site "Sofia"]
[Date "2010.02.27"]
[Round "2"]
[White "Krastev, Goran"]
[Black "Kolev, Velio"]
[Result "1-0"]
[WhiteElo "2012"]
[BlackElo "1942"]
[PlyCount "41"]
[EventDate "2010.02.27"]
[EventType "swiss"]
[EventRounds "6"]
[EventCountry "BUL"]
[SourceTitle "CBM 135 Extra"]
[Source "ChessBase"]
[SourceDate "2010.05.04"]
[SourceVersion "1"]
[SourceVersionDate "2010.05.04"]
[SourceQuality "1"]

1. e4 e5 2. f4 Qh4+ 3. g3 Qe7 4. d3 d5 5. Nc3 dxe4 6. dxe4 c6 7. fxe5 Qxe5 8. Bf4 Qa5 9. Qd4 Nf6 10. Bc4 Qc5 11. Qd3 b5 12. 0-0-0 Be7 13. Nxb5 cxb5 14. Bxb5+ Kf8 15. Be3 Qc7 16. Nf3 Bb7 17. Bf4 Qb6 18. Rhe1 Nc6 19. e5 Nh5 20. Bc4 Nxf4 21. Qf5 1-0